Statistiken für Gemeinden von Innsbruck-Land

Klicken Sie hier um das Quiz zu spielen!

Allgemein

  • Dieses Quiz wurde 314 mal gespielt
    (249 seit der letzten Aktualisierung)
  • Das Durchschnittsergebnis liegt bei 33 aus 63

Antworten auf der Karte

Die Antworten werden auf der Karte rot bzw. grün angezeigt, abhängig davon wie oft sie richtig erraten wurden.
 

Antwortstatistiken

EinwohnerGemeinde% Korrekt
16.091Telfs
84%
14.243Hall in Tirol
79%
9.311Rum
76%
6.963Völs
76%
7.984Wattens
74%
3.519Seefeld in Tirol
73%
8.197Zirl
73%
3.595Matrei am Brenner
71%
6.111Axams
69%
7.319Absam
67%
1.332Gries am Brenner
64%
619Gries im Sellrain
64%
4.817Neustift im Stubaital
64%
3.635Steinach am Brenner
64%
1.355Scharnitz
60%
4.112Thaur
60%
4.495Fulpmes
59%
3.014Kematen in Tirol
59%
2.419Leutasch
59%
2.087Natters
59%
4.549Mils
56%
2.230Mutters
56%
2.761Aldrans
53%
1.089Patsch
53%
1.185Pfaffenhofen
53%
1.339Sellrain
53%
4.497Volders
53%
3.990Inzing
51%
4.138Götzens
50%
1.693Tulfes
50%
776Wattenberg
50%
2.148Fritzens
49%
1.592Telfes im Stubai
49%
1.146Ellbögen
46%
826Gnadenwald
46%
3.082Oberperfuss
46%
1.951Rinn
46%
2.250Sistrans
46%
230Unterperfuss
46%
1.496Birgitz
44%
179St. Sigmund im Sellrain
44%
1.832Ampass
43%
1.469Hatting
43%
2.050Navis
43%
378Obernberg am Brenner
43%
1.309Flaurling
41%
1.297Baumkirchen
40%
834Kolsass
40%
1.940Mieders
40%
1.902Oberhofen im Inntal
40%
1.282Polling in Tirol
40%
1.090Ranggen
40%
1.426Reith bei Seefeld
40%
1.097Schönberg im Stubaital
40%
982Wildermieming
40%
436Gschnitz
39%
885Schmirn
39%
1.667Kolsassberg
37%
1.111Lans
37%
1.345Trins
37%
1.410Grinzens
36%
527Vals
34%
1.064Pettnau
33%

Verteilung der Resultate

Perzentil nach korrekt beantworteten Fragen

Anzahl Personen mit jedem Resultat

Ihre Resultats-Entwicklung

Sie haben dieses Quiz seit der letzten Aktualisierung nicht gespielt